LEADER 00764nam a2200193 i 4500 001 000000027380 003 CaOOAMICUS 005 20180830125447.0 008 180830s1831 it u000 u ita u 040 $aSeMil$bita 100 1 $aLiguori, Alfonso Maria : de' ,$c.$0(OLS)http://semarc/name/4500 245 10$aApologie e confutazioni /$cscritte dal b. Alfonso M. de Liguori. 260 $aMonza :$bCoi tipi di Luca Corbetta,$c1831-1832. 300 $a2 v. ;$c18 cm. 650 4$aTeologia morale.$0(OLS)http://semarc/subject/91 774 0 $tVol. 1.$g1$w()35847 774 0 $tVol. 2.$g2$w()217423 996 $6245$aApologie e confutazioni$9(OLS)http://semarc/title/37062 996 $6260$aMonza :$bCoi tipi di Luca Corbetta$9(OLS)http://semarc/publisher/36493 LEADER 01514nam a2200265 i 4500 001 000000029464 003 CaOOAMICUS 005 20240902104246.0 008 180830s1660 fr u000 u lat u 040 $aSeMil$bita 100 1 $aBaronio, Cesare,$c.$0(OLS)http://semarc/name/90024 245 10$aHenrici Spondani Mauleosolensis ... Epitome Annalium ecclesiasticorum Caesaris Baronii S.R.E. presbiteri cardinalis bibliothecarij apostolici. 250 $aEditio postrema mendis innumeris quae in superiores irrepserant expurgata. 260 $aLugduni :$bsumptib. Ioannis Antonii Huguetan, & Marci Antonii Ravaud,$c1660. 300 $a2 v. ;$cfol. 500 $aTesto su due colonne con specchio di stampa in cornice. 650 4$aGregorio : Magno - Opere.$0(OLS)http://semarc/subject/496 700 1 $aSponde, Henri : de <1568-1643>.$0(OLS)http://semarc/name/13439 700 1 $aHuguetan, Jean-Antoine,$c.$0(OLS)http://semarc/name/5713 700 1 $aRavaud, Marc-Antoine,$c.$0(OLS)http://semarc/name/5712 774 0 $t[1].$g1$w()227222 774 0 $tPars altera.$g2$w()237030 996 $6245$aHenrici Spondani Mauleosolensis ... Epitome Annalium ecclesiasticorum Caesaris Baronii S.R.E. presbiteri cardinalis bibliothecarij apostolici$9(OLS)http://semarc/title/40026 996 $6260$aLugduni :$bsumptib. Ioannis Antonii Huguetan, & Marci Antonii Ravaud$9(OLS)http://semarc/publisher/38108